Polskie miasta po grecku - Statystyki

Ogólne statystyki
  • Ten quiz został rozwiązany 14 razy
  • Średni wynik to 13 z 20
Statystyki odpowiedzi
grecki polski % Poprawnych
Τόρουν Toruń
91%
Κρακοβία Kraków
82%
Πόζναν Poznań
82%
Κατοβίτσε Katowice
73%
Κίελτσε Kielce
73%
Λοτζ Łódź
73%
Όλστιν Olsztyn
73%
Βαρσοβία Warszawa
73%
Βρότσλαβ Wrocław
73%
Μπιαλίστοκ Białystok
64%
Μπίτομ Bytom
64%
Γκντανσκ Gdańsk
64%
Μπίντγκοστς Bydgoszcz
55%
Γκντίνια Gdynia
55%
Ράντομ Radom
55%
Ζάμπζε Zabrze
55%
Τσενστοχόβα Częstochowa
45%
Γκλιβίτσε Gliwice
45%
Σοσνόβιετς Sosnowiec
45%
Στσέτσιν Szczecin
45%
Nie znaleziono quizów pasujących do podanych kryteriów
Rozkład punktacji
Procent ludzi z każdym wynikiem
Percentyl według liczby udzielonych odpowiedzi
Twoja historia wyników
Nie rozwiązałeś tego quizu